|
|
|
|
| LEADER |
00750nam a2200193 i 4500 |
| 001 |
c000340260 |
| 003 |
CARM |
| 005 |
00000000000000.0 |
| 008 |
830519s1951 mx 00001 spa d |
| 019 |
1 |
|
|a 2651015
|5 LACONCORD2021
|
| 035 |
|
|
|a (OCoLC)20199649
|5 LACONCORD2021
|
| 100 |
1 |
|
|a Guzmán, Martín Luis,
|d 1887-
|
| 245 |
1 |
3 |
|a La sombra del caudillo :
|b novela /
|c Martin Luis Guzman.
|
| 260 |
|
|
|a Mexico :
|b Cia. General de Ediciones,
|c 1951.
|
| 300 |
|
|
|a 262 p. ;
|c 20 cm.
|
| 490 |
0 |
|
|a Colleccion ideas, letras y vida
|
| 852 |
8 |
|
|b CARM
|h A1:AM10A0
|i A04733
|p 0415890
|f BK
|
| 999 |
f |
f |
|i 711e8c4f-58e7-576d-8931-c0fbfcaec77b
|s ccdaf0f1-7a8d-5093-891d-0f28907d3c2d
|
| 952 |
f |
f |
|p Can circulate
|a CAVAL
|b CAVAL
|c CAVAL
|d CARM 1 Store
|e A04733
|f A1:AM10A0
|h Other scheme
|i book
|m 0415890
|